|
|
|
|
| LEADER |
02083nem a22004452a 4500 |
| 001 |
mzk03001061823 |
| 003 |
CZ BrMZK |
| 005 |
20110920140458.0 |
| 007 |
aj|aa||| |
| 008 |
080416s1757 fr ij|||||a|||r|0|||freod |
| 034 |
1 |
|
|a a
|b 9000
|d E0063550
|e E0063844
|f N0513959
|g N0513838
|
| 040 |
|
|
|a BOA001
|b cze
|
| 043 |
|
|
|a e-gx---
|
| 072 |
|
7 |
|a 912:904
|x Staré mapy
|2 Konspekt
|9 7
|
| 080 |
|
|
|a (084.3)
|2 MRF
|
| 080 |
|
|
|a (430.119)
|2 MRF
|
| 080 |
|
|
|a 912.43:069.5
|2 MRF
|
| 100 |
1 |
|
|a Martinet, G.
|4 aut
|
| 245 |
1 |
0 |
|a Plan de la Ville et Citadelle de Wesel En Westphalie
|h [kartografický dokument] :
|b Les François s'en sont emparé sous les Ordres du P. de Soubise le VII. Avril M.DCC.LVII /
|c Martinet Inv. Je repond de ce Plancy le Rouge
|
| 255 |
|
|
|a Měřítko [ca 1:9 000]. 4,3 cm = 200 Toi. Ouvrages sans revettement Tous les Fossez peuvent se mettre a sec.
|c (006°35´50" v.d.--006°38´44" v.d./051°39´59" s.š.--051°38´38" s.š.)
|
| 260 |
|
|
|a A Paris :
|b Chez le Sr. le Rouge Ing. Geograp. du Roy rue des Augustins,
|c 1757
|
| 300 |
|
|
|a 1 mapa :
|b mědirytina, podlepená papírem ;
|c 21 x 29,5 cm na listu 34,5 x 44,5 cm
|
| 500 |
|
|
|a Podlepeno papírem o velikosti 56,5 x 65,5
|
| 500 |
|
|
|a Výzdoba: V pravém horním rohu ozdobná nápisová kartuše, v pravém dolním rohu deska s měřítkem, směrová ružice, mapa v ozdobném rámci
|
| 510 |
3 |
|
|a IKAR
|
| 510 |
4 |
|
|a Kuchař, K. Mapová sbírka B.P. Molla,
|c s. 449
|
| 655 |
|
7 |
|a historické mapy
|7 fd186723
|2 czenas
|
| 650 |
0 |
4 |
|a Mollova mapová sbírka
|
| 650 |
0 |
7 |
|a mapové sbírky
|z Česko
|7 ph182407
|2 czenas
|
| 610 |
2 |
7 |
|a Moravská zemská knihovna (Brno, Česko).
|b Mapová sbírka B.P. Molla
|7 mzk2005304487
|2 czenas
|
| 651 |
|
7 |
|a Wesel (Německo)
|7 ge341440
|2 czenas
|
| 700 |
1 |
|
|a Le Rouge, Georges-Louis,
|d 1740-1780
|4 pbl
|
| 856 |
4 |
1 |
|u http://mapy.mzk.cz/mzk03/001/061/823/2619320790
|y Digitalizovaný dokument
|
| 903 |
|
|
|a RP
|
| 910 |
|
|
|a BOA001
|b Moll-0005.967
|
| 978 |
|
|
|b Le Rouge, Georges-Louis
|a Paris
|c 1757
|
| 984 |
|
|
|a Paříž
|b Francie
|
| 985 |
|
|
|a 1751-1800
|
| 990 |
|
|
|a MP
|
| 991 |
|
|
|k mzk
|